| 000 | 00880nam a2200277Ia 4500 | ||
|---|---|---|---|
| 003 | GCL | ||
| 005 | 20240530101856.0 | ||
| 008 | 140319s9999 xx 000 0 ara d | ||
| 040 |
_aGCL / _cGCL |
||
| 082 | 0 | 4 |
_a920.71 _bق/ع م |
| 100 | 1 | _aعبدالعزيز شرف | |
| 245 | 1 | 0 |
_aمحمد حسين هيكل والفكر القومى المصرى / _cعبدالعزيز شرف |
| 260 |
_a[S.N] : _bدار الجيل ، _c1992 |
||
| 300 | _a271 ص | ||
| 650 | 0 | 4 | _aمصر |
| 650 | 0 | 4 | _aالاحوال السياسية |
| 650 | 0 | 4 | _aالاحزاب السياسية |
| 650 | 0 | 4 | _aالقومية |
| 650 | 0 | 4 | _aالقومية المصرية |
| 650 | 0 | 4 | _aالصحافة المصرية |
| 650 | 0 | 4 | _aالملك فؤاد |
| 650 | 0 | 4 | _aالحكومات |
| 650 | 0 | 4 | _aالحكومة والصحافة |
| 650 | 0 | 4 | _aالاحتلال البريطانى |
| 942 |
_2ddc _cBK |
||
| 999 |
_c28375 _d28375 |
||